Crane Road Properties v Hundalani (Record no. 105900)
[ view plain ]
| 000 -LEADER | |
|---|---|
| fixed length control field | 01593cam a2200193 4500 |
| 001 - CONTROL NUMBER | |
| control field | ##L135067 |
| 008 - FIXED-LENGTH DATA ELEMENTS--GENERAL INFORMATION | |
| fixed length control field | 060921n2006 000 0 eng u |
| 035 ## - SYSTEM CONTROL NUMBER | |
| System control number | (Sirsi) u135067 |
| 041 0# - LANGUAGE CODE | |
| Language code of text/sound track or separate title | eng |
| 245 00 - TITLE STATEMENT | |
| Title | Crane Road Properties v Hundalani |
| 260 ## - PUBLICATION, DISTRIBUTION, ETC. | |
| Date of publication, distribution, etc. | 2006 |
| 520 ## - SUMMARY, ETC. | |
| Summary, etc. | [2006] EWHC 2066 (Ch), 28 July 2006. Concerns an agreement relating to a private road where H, in return for a right of way, had agreed to share the cost of maintenance and repair of the road. In 2002, C carried out works to the road costing in excess of £270k. C argued that H should pay half of this sum, however H refused on the grounds that the works were improvements rather than repairs. C then sought to recover £38k from H, which was 50% of what it estimated repairs would have cost, if just the required repairs had been carried out. "Held": C could only charge H for those elements of the work which had actually been done and which would have been undertaken if the road had been repaired. It could not charge for work which would have had to be carried out if the road had been repaired, but which had been avoided by the improvement works. C were therefore only entitled to recover 50% of the cost of resurfacing with asphalt and bitumen which had been carried out in the 2002 works. |
| 590 ## - LOCAL NOTE (RLIN) | |
| Local note | IKA031006 |
| 650 24 - SUBJECT ADDED ENTRY--TOPICAL TERM | |
| Topical term or geographic name entry element | CRANE ROAD PROPERTIES V HUNDALANI |
| 651 #4 - SUBJECT ADDED ENTRY--GEOGRAPHIC NAME | |
| Geographic name | England and Wales |
| Chronological subdivision | 1543- |
| 690 ## - LOCAL SUBJECT ADDED ENTRY--TOPICAL TERM (OCLC, RLIN) | |
| Topical term or geographic name as entry element | PROPERTY-INFRASTRUCTURE-ROAD INFRASTRUCTURE |
| 856 40 - ELECTRONIC LOCATION AND ACCESS | |
| Uniform Resource Identifier | <a href="https://www.bailii.org/ew/cases/EWHC/Ch/2006/2066.html">https://www.bailii.org/ew/cases/EWHC/Ch/2006/2066.html</a> |
| Public note | View the law report free of charge at www.bailii.org... |
| 942 ## - ADDED ENTRY ELEMENTS (KOHA) | |
| Suppress in OPAC | 0 |
| Withdrawn status | Lost status | Source of classification or shelving scheme | Damaged status | Not for loan | Home library | Current library | Shelving location | Date acquired | Total Checkouts | Full call number | Barcode | Date last seen | Copy number | Price effective from | Koha item type |
|---|---|---|---|---|---|---|---|---|---|---|---|---|---|---|---|
| Dewey Decimal Classification | Virtual | Virtual | Online | 21/09/2006 | ONLINE PUBLICATION | 135067-1001 | 06/08/2019 | 1 | 06/08/2019 | Book |